LEADER 01723nam a2200325 a 4500 001 000000121144 003 CaOOAMICUS 005 20100412113106.0 008 100412t2008 it u000 u ita r 020 $a978-88-348-8446-1 040 $aPUL$bita$dReb 082 04$a331 245 00$aPrevidenza, mercato del lavoro, competività :$bcommentario alla legge 24 dicembre 2007, n. 247 e al decreto legge 25 giugno 2008, n. 112, convertito nella legge 6 agosto 2008, n. 133 /$ca cura di Mariella Magnani, Angelo Pandolfo e Pier Antonio Varesi. 260 $aTorino :$bG. Giappichelli,$c©2008. 300 $axxii, 579 p. ;$c24 cm. 490 1 $aCommentari di diritto del lavoro ;$v03 504 $aBibliografia p. [553]-579. 650 4$aDiritto del lavoro.$0(OLS)http://pul/subject/1096 700 1 $aVaresi, Pier Antonio.$0(OLS)http://pul/name/75849 700 1 $aMagnani, Mariella.$0(OLS)http://pul/name/71514 700 1 $aPandolfo, Angelo.$0(OLS)http://pul/name/75848 830 0$aCommentari di diritto del lavoro ;$v03.$0(OLS)http://pul/title/152348 850 $aPUL 852 $aPUL$W1$xSL Diritto e Scienze Sociali 3$y79$m331 MAGMA 2$j138905$qDDC 21$B138144$CPULBib$Z2$F138144 $H112697 $82 941 1 $a9 960 $aLavoro (Diritto)$91096 996 $6020$a978-88-348-8446-1$9(OLS)http://pul/number/143802 996 $6082$a331$9(OLS)http://pul/classification/392 996 $6245$aPrevidenza, mercato del lavoro, competività :$bcommentario alla legge 24 dicembre 2007, n. 247 e al decreto legge 25 giugno 2008, n. 112, convertito nella legge 6 agosto 2008, n. 133$9(OLS)http://pul/title/152349 996 $6260$aTorino :$bG. Giappichelli$9(OLS)http://pul/publisher/49130 LEADER 01629nam a2200325 u 4500 001 000000062912 003 CaOOAMICUS 005 20070226121203.0 008 011015s1968 ua bf u000 u fre u 035 $a10906383 040 $aPUL(R)$bita 100 1 $aJarry, Jacques.$0(OLS)http://pul/name/42774 245 10$aHérésies et factions dans l'Empire Byzantin du IVe au VIIe siècle /$cpar Jacques Jarry. 260 $aLe Caire :$bInstitut Français d'archéologie orientale,$c1968. 300 $axxi, 598 p., 1 f. de pl. dépl. :$bcarte ;$c25 cm 500 $aContiene indice. 502 $aThèse. Lettres - Univ. de Paris. 504 $aBibliographie: p. ix-xxi. 650 4$aEresie ed eretici$xStoria$yEvo antico.$0(OLS)http://pul/subject/825 650 0$aHeresies, Christian$xHistory$yEarly church, ca. 30-600.$2//eng$0(OLS)http://pul/subject/23658 650 0$aHeresies, Christian$xHistory$yMiddle Ages, 600-1500.$2//eng$0(OLS)http://pul/subject/2620 651 0$aByzantine Empire$xChurch history.$2//eng$0(OLS)http://pul/subject/10667 651 4$aImpero bizantino$xStoria ecclesiastica.$0(OLS)http://pul/subject/23688 710 2 $aInstitut français d'archéologie orientale du Caire.$0(OLS)http://pul/name/42775 850 $aPUL 852 $aPUL$W1$xDP2 Religione 1$y63$m69 E 31$j81702$nBK-PRI$qStampati$B81702$CPULBib$Z2$F81702 $82 941 1 $a8 961 $aINV: 37232 996 $6245$aHérésies et factions dans l'Empire Byzantin du IVe au VIIe siècle$9(OLS)http://pul/title/83914 996 $6260$aLe Caire :$bInstitut Français d'archéologie orientale$9(OLS)http://pul/publisher/70494